000 00658nam a2200241Ia 4500
003 OSt
005 20221007075948.0
006 a|||||r|||| 00| 0
007 ta
008 221006b |||||||| |||| 00| 0 eng d
020 _a8170368251
_cRs. 550/-
024 _a16,033
037 _cTextual
040 _aFLL
_cFLL
_beng
041 _2eng
_aeng
082 _aZ1:(Y:4:62), P0
100 _aShankardass Rani Dhavan
245 0 _aPunishment and the prison
260 _aNew Delhi
_bSage Publications India
_c2000
300 _a497p
_ccm.
942 _hZ1:(Y:4:62), P0
_cTEXL
_2CC
999 _c1157951
_d1157951